[Event "Budapest FS02 FM-A1"]
[Site "Budapest"]
[Date "2012.02.12"]
[Round "9"]
[White "Havaskori, Laszlo"]
[Black "Nazarov, Rustam"]
[Result "0-1"]
[WhiteElo "2004"]
[BlackElo "2048"]
[PlyCount "84"]
[EventDate "2012.02.04"]
[EventType "tourn"]
[EventRounds "9"]
[EventCountry "HUN"]
[SourceTitle "CBM 146 Extra"]
[Source "ChessBase"]
[SourceDate "2012.02.29"]
[SourceVersion "1"]
[SourceVersionDate "2012.02.29"]
[SourceQuality "1"]

1. d4 Nf6 2. c4 g6 3. Nc3 Bg7 4. e4 d6 5. Be2 0-0 6. g4 e5 7. dxe5 dxe5 8. g5 Nfd7 9. Be3 c6 10. Qd2 Na6 11. 0-0-0 Qe7 12. h4 Ndc5 13. Nf3 Be6 14. Qd6 Qxd6 15. Rxd6 Bg4 16. Rg1 Bh5 17. Nd2 Bxe2 18. Nxe2 Rfd8 19. Rxd8+ Rxd8 20. a3 b6 21. Kc2 Ne6 22. Nb3 Bf8 23. f4 exf4 24. Nxf4 Nxf4 25. Bxf4 Nc5 26. Nxc5 Bxc5 27. Rh1 Rd4 28. Be5 Rxe4 29. Bf6 Be7 30. Kd3 Re6 31. Bc3 Bf8 32. Rf1 Bg7 33. Bf6 Bxf6 34. gxf6 h5 35. Kd4 Kh7 36. b4 Kh6 37. a4 a6 38. a5 b5 39. cxb5 cxb5 40. Rf3 g5 41. hxg5+ Kxg5 42. Rc3 h4 0-1

[Event "Budapest FS02 FM-A1"]
[Site "Budapest"]
[Date "2012.02.09"]
[Round "6"]
[White "Nazarov, Rustam"]
[Black "Borda, Lajos"]
[Result "1-0"]
[WhiteElo "2048"]
[BlackElo "2120"]
[PlyCount "89"]
[EventDate "2012.02.04"]
[EventType "tourn"]
[EventRounds "9"]
[EventCountry "HUN"]
[SourceTitle "CBM 146 Extra"]
[Source "ChessBase"]
[SourceDate "2012.02.29"]
[SourceVersion "1"]
[SourceVersionDate "2012.02.29"]
[SourceQuality "1"]

1. e4 c5 2. Nf3 a6 3. c4 d6 4. Nc3 Bg4 5. Be2 Nc6 6. 0-0 Nf6 7. d3 e6 8. h3 Bxf3 9. Bxf3 Qc7 10. Be3 Be7 11. g3 h5 12. Bg2 h4 13. g4 Nd7 14. Qd2 Bf6 15. Ne2 Nd4 16. f4 Nxe2+ 17. Qxe2 Bd4 18. Bxd4 cxd4 19. b4 Qd8 20. e5 dxe5 21. fxe5 Qc7 22. Rae1 a5 23. b5 Nc5 24. Rf4 Rd8 25. Ref1 Rd7 26. g5 g6 27. Rg4 Rh5 28. Rff4 Qd8 29. Rf6 Qc7 30. Bf1 Re7 31. Rff4 Rd7 32. Kh1 a4 33. Bg2 Kf8 34. Rxd4 Rxd4 35. Rxd4 Rxg5 36. Rd6 Rg3 37. Qf1 f5 38. d4 Nd3 39. c5 g5 40. b6 Qe7 41. c6 bxc6 42. Rxc6 Nf4 43. Rc8+ Kf7 44. Rc7 Nxg2 45. Qxg2 1-0

[Event "Budapest FS02 FM-A1"]
[Site "Budapest"]
[Date "2012.02.08"]
[Round "5"]
[White "Csomor, Viktor"]
[Black "Nazarov, Rustam"]
[Result "0-1"]
[WhiteElo "2090"]
[BlackElo "2048"]
[PlyCount "64"]
[EventDate "2012.02.04"]
[EventType "tourn"]
[EventRounds "9"]
[EventCountry "HUN"]
[SourceTitle "CBM 146 Extra"]
[Source "ChessBase"]
[SourceDate "2012.02.29"]
[SourceVersion "1"]
[SourceVersionDate "2012.02.29"]
[SourceQuality "1"]

1. d4 Nf6 2. c4 g6 3. Nc3 Bg7 4. e4 d6 5. f4 0-0 6. Nf3 c5 7. d5 e6 8. Be2 exd5 9. cxd5 Re8 10. e5 dxe5 11. fxe5 Ng4 12. Bg5 Qb6 13. 0-0 Nxe5 14. Nxe5 Bxe5 15. Bc4 Qxb2 16. Rc1 Bf5 17. Rxf5 gxf5 18. Bd2 Qb6 19. Qf3 Qg6 20. Bd3 Qg4 21. Qxf5 Qxf5 22. Bxf5 Na6 23. Rf1 Rad8 24. Rf3 f6 25. a3 Nc7 26. d6 Rxd6 27. Ne4 Rb6 28. g3 c4 29. Ba5 Rb1+ 30. Kg2 Rb2+ 31. Kh3 Nd5 32. Nd2 b5 0-1

[Event "Budapest FS02 FM-A1"]
[Site "Budapest"]
[Date "2012.02.07"]
[Round "4"]
[White "Nazarov, Rustam"]
[Black "Farkas, Richard"]
[Result "1/2-1/2"]
[WhiteElo "2048"]
[BlackElo "2047"]
[PlyCount "129"]
[EventDate "2012.02.04"]
[EventType "tourn"]
[EventRounds "9"]
[EventCountry "HUN"]
[SourceTitle "CBM 146 Extra"]
[Source "ChessBase"]
[SourceDate "2012.02.29"]
[SourceVersion "1"]
[SourceVersionDate "2012.02.29"]
[SourceQuality "1"]

1. e4 c5 2. Nf3 e6 3. d4 cxd4 4. Nxd4 a6 5. Be3 Nf6 6. Nc3 Qc7 7. Bd3 Bb4 8. Nde2 d5 9. 0-0 dxe4 10. Nxe4 Nbd7 11. N2g3 Be7 12. c3 Nxe4 13. Nxe4 Nf6 14. Qf3 Nxe4 15. Bxe4 f5 16. Bc2 0-0 17. Bf4 Bd6 18. Bxd6 Qxd6 19. Rad1 Qc7 20. Rfe1 Kh8 21. Qe3 Bd7 22. Qe5 Qxe5 23. Rxe5 Rf7 24. Bb3 Re7 25. f4 h6 26. Rde1 Rae8 27. Kf2 g5 28. g3 Kg7 29. Bd5 b6 30. Bf3 Kf6 31. Rd1 gxf4 32. gxf4 b5 33. Rd6 Bc8 34. Re1 Rd7 35. Rxd7 Bxd7 36. Rd1 Bc8 37. a4 bxa4 38. Rd4 e5 39. fxe5+ Rxe5 40. Rxa4 a5 41. b4 axb4 42. cxb4 Rb5 43. Bc6 Rb6 44. b5 Bb7 45. Bxb7 Rxb7 46. Rb4 Rb6 47. Rb1 Ke6 48. Kf3 Ke5 49. Ke3 f4+ 50. Kf3 Kd4 51. Kxf4 Kd3 52. Rd1+ Kc4 53. Rc1+ Kd5 54. Rb1 Kd4 55. Kg4 Kd3 56. Kh5 Ke4 57. h4 Kf4 58. Rb2 Kg3 59. Rb4 Kf3 60. Rb2 Kg3 61. Rb1 Kf3 62. Rg1 Kf4 63. Rg6 Rxb5+ 64. Kxh6 Rb7 65. h5 1/2-1/2

[Event "World ol U16 09th"]
[Site "Burdur"]
[Date "2010.12.04"]
[Round "10"]
[White "Nazarov, Rustam"]
[Black "Narayanan, Srinath"]
[Result "0-1"]
[WhiteElo "2024"]
[BlackElo "2350"]
[PlyCount "76"]
[EventDate "2010.11.27"]
[EventType "team-swiss"]
[EventRounds "10"]
[EventCountry "TUR"]
[SourceTitle "CBM 139 Extra"]
[Source "ChessBase"]
[SourceDate "2011.01.05"]
[SourceVersion "1"]
[SourceVersionDate "2011.01.05"]
[SourceQuality "1"]
[WhiteTeam "Turkmenistan"]
[BlackTeam "India"]
[WhiteTeamCountry "TKM"]
[BlackTeamCountry "IND"]

1. e4 c5 2. Nf3 d6 3. d4 cxd4 4. Nxd4 Nf6 5. Nc3 a6 6. Be3 e5 7. Nb3 Be6 8. f3 Nbd7 9. Qd2 b5 10. 0-0-0 Be7 11. g4 0-0 12. g5 Nh5 13. Nd5 Bxd5 14. exd5 b4 15. h4 a5 16. Bh3 f5 17. Qd3 g6 18. Qb5 Rf7 19. Nd2 Rb8 20. Qa4 Rc8 21. Bf1 Qc7 22. Bb5 Bd8 23. Nc4 Nc5 24. Bxc5 Qxc5 25. Ba6 Ra8 26. Bb5 Rb8 27. Ba6 Ra7 28. Qe8+ Kg7 29. Kb1 Qc7 30. Bb5 Bxg5 31. Qc6 Be7 32. Qxc7 Rxc7 33. Bc6 Ra7 34. Rhe1 Bxh4 35. Re2 Be7 36. Nxe5 dxe5 37. Rxe5 Bd6 38. Re6 Rd8 0-1

[Event "World ol U16 09th"]
[Site "Burdur"]
[Date "2010.12.02"]
[Round "8"]
[White "Gabuzyan, Hovhannes"]
[Black "Nazarov, Rustam"]
[Result "1-0"]
[WhiteElo "2287"]
[BlackElo "2024"]
[PlyCount "125"]
[EventDate "2010.11.27"]
[EventType "team-swiss"]
[EventRounds "10"]
[EventCountry "TUR"]
[SourceTitle "CBM 139 Extra"]
[Source "ChessBase"]
[SourceDate "2011.01.05"]
[SourceVersion "1"]
[SourceVersionDate "2011.01.05"]
[SourceQuality "1"]
[WhiteTeam "Armenia"]
[BlackTeam "Turkmenistan"]
[WhiteTeamCountry "ARM"]
[BlackTeamCountry "TKM"]

1. g3 Nf6 2. Bg2 g6 3. e4 d6 4. d4 Bg7 5. Ne2 0-0 6. 0-0 e5 7. Nbc3 Nc6 8. dxe5 dxe5 9. Be3 b6 10. Qc1 Ne7 11. Rd1 Qe8 12. h3 Ba6 13. b3 Nc8 14. Qa3 Bxe2 15. Nxe2 Qc6 16. c4 Nd6 17. Nc3 Qb7 18. c5 Nde8 19. Rd3 b5 20. Qa5 b4 21. c6 Qxc6 22. Qxb4 Nd6 23. Rc1 Qa6 24. Qa4 Qxa4 25. Nxa4 Rfc8 26. f3 Nd7 27. Bf1 Nf8 28. Nc3 Ne6 29. Nd5 Bf8 30. Kg2 Kg7 31. Rc6 a6 32. a4 a5 33. Rdc3 Rab8 34. Ba6 Rd8 35. Nxc7 Nxc7 36. Rxc7 Ne8 37. Rb7 Rxb7 38. Bxb7 Bb4 39. Rc8 Rd3 40. Bc5 Nd6 41. Bxd6 Bxd6 42. Bd5 Rd2+ 43. Kf1 Rd1+ 44. Ke2 Rh1 45. h4 Rg1 46. Kf2 Rd1 47. Rc6 Be7 48. Rc7 Kf8 49. Ke2 Rg1 50. Kf2 Rd1 51. Kg2 f5 52. Ra7 f4 53. gxf4 exf4 54. Rxa5 Bxh4 55. Ra8+ Kg7 56. a5 Rd2+ 57. Kf1 Bf2 58. b4 Be3 59. b5 Kf6 60. Ke1 Kg5 61. b6 Rb2 62. b7 Rb1+ 63. Ke2 1-0

[Event "World ol U16 09th"]
[Site "Burdur"]
[Date "2010.12.02"]
[Round "7"]
[White "Nazarov, Rustam"]
[Black "Iyti, Basher"]
[Result "1/2-1/2"]
[WhiteElo "2024"]
[BlackElo "2125"]
[PlyCount "100"]
[EventDate "2010.11.27"]
[EventType "team-swiss"]
[EventRounds "10"]
[EventCountry "TUR"]
[SourceTitle "CBM 139 Extra"]
[Source "ChessBase"]
[SourceDate "2011.01.05"]
[SourceVersion "1"]
[SourceVersionDate "2011.01.05"]
[SourceQuality "1"]
[WhiteTeam "Turkmenistan"]
[BlackTeam "Syria"]
[WhiteTeamCountry "TKM"]
[BlackTeamCountry "SYR"]

1. e4 g6 2. d4 Bg7 3. Nf3 d6 4. Bc4 Nf6 5. Nc3 0-0 6. 0-0 c6 7. a4 d5 8. Bd3 dxe4 9. Nxe4 Nbd7 10. Bg5 Nxe4 11. Bxe4 Nf6 12. Bxf6 exf6 13. c3 Be6 14. Nd2 a5 15. Bc2 f5 16. Bb3 Re8 17. Re1 Qd7 18. Bxe6 Rxe6 19. Qb3 Rae8 20. Nf3 Re4 21. Kf1 h6 22. Nd2 Rxe1+ 23. Rxe1 Rxe1+ 24. Kxe1 Qc7 25. g3 h5 26. Nc4 f4 27. Kf1 Qd7 28. gxf4 Qh3+ 29. Ke2 Qe6+ 30. Kf1 h4 31. Nxa5 Qh3+ 32. Ke2 Qg4+ 33. Ke1 Qxf4 34. Qxb7 Qe4+ 35. Kf1 Qd3+ 36. Ke1 Bh6 37. Nb3 Qb1+ 38. Ke2 Qxb2+ 39. Kd3 Qb1+ 40. Kc4 Bf8 41. Nc5 Qf1+ 42. Nd3 Qh1 43. Ne5 Qf1+ 44. Nd3 Qg2 45. Ne5 Qf1+ 46. Nd3 Qg2 47. Ne5 Qf1+ 48. Nd3 Qg2 49. Ne5 Qf1+ 50. Nd3 Qg2 1/2-1/2

[Event "World ol U16 09th"]
[Site "Burdur"]
[Date "2010.11.29"]
[Round "4"]
[White "Nazarov, Rustam"]
[Black "Aripov, Iskandar"]
[Result "0-1"]
[WhiteElo "2024"]
[BlackElo "2103"]
[PlyCount "100"]
[EventDate "2010.11.27"]
[EventType "team-swiss"]
[EventRounds "10"]
[EventCountry "TUR"]
[SourceTitle "CBM 139 Extra"]
[Source "ChessBase"]
[SourceDate "2011.01.05"]
[SourceVersion "1"]
[SourceVersionDate "2011.01.05"]
[SourceQuality "1"]
[WhiteTeam "Turkmenistan"]
[BlackTeam "Uzbekistan"]
[WhiteTeamCountry "TKM"]
[BlackTeamCountry "UZB"]

1. d4 d5 2. Nf3 c6 3. c4 Nf6 4. Nc3 e6 5. e3 Nbd7 6. b3 b6 7. Bd3 Bb7 8. 0-0 Be7 9. Bb2 0-0 10. Qc2 h6 11. Ne2 dxc4 12. bxc4 c5 13. Ne5 cxd4 14. exd4 Nxe5 15. dxe5 Nd7 16. Nf4 Qc7 17. Rae1 Nc5 18. Bc1 Rfd8 19. Bh7+ Kh8 20. Nh5 Qc6 21. f3 Qa4 22. Qxa4 Nxa4 23. Bc2 Nc5 24. Rd1 Ba6 25. Bb3 Nd3 26. g4 Nxe5 27. Bb2 f6 28. Bxe5 fxe5 29. Ng3 Bc5+ 30. Kg2 Rd4 31. Rfe1 Rad8 32. Rc1 Rd2+ 33. Kh3 R8d3 34. Rxe5 Rxf3 35. Rxe6 Rff2 36. Nf1 Rf3+ 37. Ng3 Rff2 38. Nf1 Rd3+ 39. Ng3 Bb7 40. Rc2 Bg2+ 41. Kh4 Rdd2 42. Rxd2 Rxd2 43. Nf5 Bb7 44. Kh5 Kh7 45. h4 Re2 46. Rg6 Bf8 47. c5 bxc5 48. Bc4 Re5 49. Bd3 Bd5 50. Ra6 Bf7+ 0-1

[Event "Akhisar Manisa ol U16"]
[Site "Akhisar Manisa"]
[Date "2009.10.01"]
[Round "9"]
[White "Nazarov, Rustam"]
[Black "Zhou, Yang Fan"]
[Result "0-1"]
[WhiteElo "1892"]
[BlackElo "2291"]
[PlyCount "62"]
[EventDate "2009.09.25"]
[EventType "team-swiss"]
[EventRounds "10"]
[EventCountry "TUR"]
[SourceTitle "CBM 132 Extra"]
[Source "ChessBase"]
[SourceDate "2009.11.03"]
[SourceVersion "1"]
[SourceVersionDate "2009.11.03"]
[SourceQuality "1"]

1. e4 c5 2. Nc3 Nc6 3. g3 g6 4. Bg2 Bg7 5. Nge2 d6 6. 0-0 e6 7. f4 Nge7 8. d3 0-0 9. Kh1 d5 10. e5 Nf5 11. g4 Nh4 12. g5 h6 13. gxh6 Bxh6 14. d4 Nf5 15. dxc5 Qa5 16. Bh3 Qxc5 17. Bxf5 gxf5 18. Ng3 Kh8 19. Qh5 Kh7 20. Qh3 Rg8 21. Nh5 Rg6 22. Nf6+ Kg7 23. Be3 d4 24. Bf2 b5 25. Ncd5 Bb7 26. Rg1 Ne7 27. Rg5 Rh8 28. Rxg6+ fxg6 29. Nh5+ gxh5 30. Rg1+ Kf8 31. Rg3 Qxd5+ 0-1